Philadelphia 76ers Most Common Starting Lineups - Statistics

General Stats
  • This quiz has been taken 6 times
  • The average score is 13 of 30
Answer Stats
Year(s) Pos. Answer % Correct
1984-1985 (58 Games) SF Julius Erving
100%
2008-2009 (69 Games) SF Andre Iguodala
83%
2011-2012 (66 Games) SF Andre Iguodala
83%
2008-2009 (60 Games) SF Andre Iguodala
83%
1984-1985 (58 Games) PG Maurice Cheeks
83%
1984-1985 (58 Games) C Moses Malone
83%
1990-1991 (65 Games) SF Charles Barkley
67%
1992 (55 Games) SF Charles Barkley
67%
1990-1991 (65 Games) PG Johnny Dawkins
67%
1992 (55 Games) PG Johnny Dawkins
67%
1984-1985 (58 Games) SG Andrew Toney
50%
1990-1991 (65 Games) SG Hersey Hawkins
50%
1992 (55 Games) SG Hersey Hawkins
50%
2008-2009 (69 Games) C Samuel Dalembert
50%
2008-2009 (60 Games) C Samuel Dalembert
50%
2011-2012 (66 Games) PF Elton Brand
33%
2011-2012 (66 Games) PG Jrue Holiday
33%
1984-1985 (58 Games) PF Marc Iavaroni
33%
2008-2009 (69 Games) PF Thaddeus Young
33%
2008-2009 (69 Games) PG Andre Miller
17%
2008-2009 (60 Games) PG Andre Miller
17%
1990-1991 (65 Games) C Mike Gminski
17%
2008-2009 (69 Games) SG Willie Green
17%
2008-2009 (60 Games) SG Willie Green
17%
1992 (55 Games) PF Armen Gilliam
0%
1992 (55 Games) C Charles Shackleford
0%
2011-2012 (66 Games) SG Jodie Meeks
0%
2008-2009 (60 Games) PF Reggie Evans
0%
1990-1991 (65 Games) PF Rick Mahorn
0%
2011-2012 (66 Games) C Spencer Hawes
0%
No matching quizzes found
Score Distribution
Percent of People with Each Score
Percentile by Number Answered
Your Score History
You have not taken this quiz